[Event "to de volta"]
[Site "http://www.queenalice.com/game.php?id=24424"]
[Date "2005.8.17"]
[Round "-"]
[White "altair"]
[Black "fmucillo"]
[Result "1-0"]
[WhiteElo "1711"]
[BlackElo "1570"]

1. e4 e5 2. Nf3 Nf6 3. d3 Be7 4. h3 Nc6 5. c3 d5 6. Be2 dxe4 7. dxe4 Qxd1+ 8.
Bxd1 Nxe4 9. Ba4 Bf5 10. Bxc6+ bxc6 11. O-O f6 12. Be3 g5 13. Rd1 Rg8 14. Nbd2
g4 15. hxg4 Bxg4 16. Kf1 f5 17. Re1 Nxd2+ 18. Bxd2 e4 19. Ne5 O-O-O 20. Nxc6 Rd7
21. Nxa7+ Kb7 22. Be3 f4 23. Bxf4 Kxa7 24. Rxe4 Bc5 25. Rc4 Rgd8 26. f3 Rd1+ 27.
Rxd1 Rxd1+ 28. Ke2 Bxf3+ 29. Kxf3 Bb6 30. Bxc7 Rd3+ 31. Ke2 Re3+ 32. Kd2 Re6 33.
Bxb6+ Kxb6 34. Rh4 h6 35. b4 Kb5 36. Kc2 Ka4 37. Rh5 Rg6 38. b5 Rxg2+ 39. Kd3
Rg5 40. Rxg5 hxg5 41. b6 1-0

[Event "praticar"]
[Site "http://www.queenalice.com/game.php?id=32079"]
[Date "2005.10.7"]
[Round "-"]
[White "fmucillo"]
[Black "moepp"]
[Result "0-1"]
[WhiteElo "1502"]
[BlackElo "1802"]

1. d4 Nf6 2. c4 g6 3. Nc3 Bg7 4. e4 d6 5. Nf3 O-O 6. h3 c5 7. d5 e6 8. dxe6 fxe6
9. Bd3 Nc6 10. O-O Nd7 11. Ng5 Nde5 12. f4 Nxd3 13. Qxd3 Nb4 14. Qg3 Nc2 15. Rb1
b6 16. a3 a6 17. b4 cxb4 18. axb4 Nd4 19. Qd3 b5 20. cxb5 h6 21. Nf3 Nxf3+ 22.
Qxf3 axb5 23. Be3 Bxc3 24. e5 Ra3 25. exd6 Bd2 26. Qe4 Bxe3+ 27. Kh1 Qf6 28. g4
Rf7 29. Qc6 Bb7 30. Qxb7 Rxb7 31. f5 Ra2 32. Ra1 Rxa1 33. Rxa1 Qxa1+ 34. Kg2
exf5 35. gxf5 Qg1+ 36. Kf3 Qf2+ 37. Ke4 gxf5+ 38. Kd5 Qa2+ 39. Kc6 Qg2# 0-1

[Event "Let's Play Chess!"]
[Site "http://www.queenalice.com/game.php?id=32538"]
[Date "2005.10.11"]
[Round "-"]
[White "zecafernandes"]
[Black "fmucillo"]
[Result "0-1"]
[WhiteElo "1200"]
[BlackElo "1497"]

1. e4 e5 2. d4 Qh4 3. dxe5 Qxe4+ 4. Ne2 Qxe5 5. f4 Qh5 6. Nbc3 Qh4+ 7. g3 Qe7 8.
Nd5 Qd8 9. Bg2 c6 10. Nb4 Bxb4+ 11. c3 Bc5 12. Qd6 Bxd6 13. O-O Nf6 14. Nd4 Ng4
15. Re1+ Kf8 16. a3 h5 17. h3 Nf6 18. Nf5 Bc5+ 19. Be3 d6 20. Kh2 Bxf5 21. b4
Bb6 22. h4 Ng4+ 23. Kh1 Bxe3 24. Rad1 Nf2+ 0-1

[Event "Poquitito"]
[Site "http://www.queenalice.com/game.php?id=32575"]
[Date "2005.10.11"]
[Round "-"]
[White "fmucillo"]
[Black "Paco"]
[Result "0-1"]
[WhiteElo "1498"]
[BlackElo "1644"]

1. e4 e5 2. Nf3 Nc6 3. Bc4 Nf6 4. O-O Nxe4 5. d4 exd4 6. Nxd4 Bc5 7. Qf3 d5 8.
Bb5 Bxd4 9. Be3 Bxb2 10. Nd2 Bxa1 11. Rxa1 Nxd2 12. Bxd2 O-O 13. Bd3 Ne5 14. Qg3
Qf6 15. Bc3 c6 16. Bxe5 Qh6 17. Re1 Re8 18. f4 f6 19. Bd6 Rxe1+ 20. Qxe1 Bg4 21.
f5 Qh5 22. Qe6+ Kh8 23. Qe7 Bxf5 24. Qxb7 Re8 25. Qxc6 Bxd3 26. h3 Bg6 27. a4 h6
28. a5 Qd1+ 29. Kh2 Re1 30. Qb7 Rh1+ 31. Kg3 Qe1+ 32. Kg4 f5+ 0-1

[Event "Challenge"]
[Site "http://www.queenalice.com/game.php?id=38459"]
[Date "2005.11.18"]
[Round "-"]
[White "gabrielRJ"]
[Black "fmucillo"]
[Result "0-1"]
[WhiteElo "1059"]
[BlackElo "1487"]

1. e4 e5 2. Qf3 Nf6 3. d4 d5 4. dxe5 Nxe4 5. Nd2 Bb4 6. Bb5+ c6 7. Bd3 Nxd2 8.
Bxd2 Bxd2+ 9. Kxd2 Qg5+ 10. Kd1 Bg4 11. h4 Bxf3+ 12. Nxf3 Qxg2 13. Re1 Qxf3+ 0-1

[Event "AUTO-ADV-115"]
[Site "http://www.queenalice.com/game.php?id=43892"]
[Date "2005.12.16"]
[Round "1"]
[White "fmucillo"]
[Black "master3001"]
[Result "1-0"]
[WhiteElo "1531"]
[BlackElo "1863"]

1. e4 e5 2. Nf3 Nc6 3. Bc4 Nf6 4. d3 Bc5 5. Ng5 d5 6. exd5 Na5 7. Be3 Bxe3 8.
fxe3 Nxc4 9. dxc4 Ng4 10. Qf3 Qxg5 11. O-O O-O 12. Qg3 Qxe3+ 13. Qxe3 Nxe3 14.
Rf2 Nxc4 15. b3 Nd6 16. c4 Ne4 17. Re2 f5 18. a4 Re8 19. Nd2 Nxd2 20. Rxd2 f4
21. Re1 Kf7 22. d6 1-0

[Event "AUTO-ADV-115"]
[Site "http://www.queenalice.com/game.php?id=43893"]
[Date "2005.12.16"]
[Round "1"]
[White "master3001"]
[Black "fmucillo"]
[Result "1-0"]
[WhiteElo "1950"]
[BlackElo "1511"]

1. e4 e5 2. Nf3 d6 3. d4 exd4 4. Nxd4 Nf6 5. Nc3 c6 6. Bc4 b5 7. Bd3 b4 8. Nce2
d5 9. Bg5 c5 10. Bb5+ Bd7 11. e5 cxd4 12. exf6 gxf6 13. Bxd7+ Nxd7 14. Bf4 Bc5
15. O-O f5 16. Nxd4 Bxd4 17. Qxd4 Qf6 18. Rfe1+ Kd8 19. Qxd5 Rc8 20. Rad1 Qc6
21. Qe5 Re8 22. Qxe8# 1-0

[Event "AUTO-ADV-115"]
[Site "http://www.queenalice.com/game.php?id=43894"]
[Date "2005.12.16"]
[Round "1"]
[White "fmucillo"]
[Black "refutor"]
[Result "1-0"]
[WhiteElo "1504"]
[BlackElo "1196"]

1. e4 c5 2. Nc3 Nc6 3. Nf3 g6 4. Bc4 Bg7 5. O-O Nf6 6. d4 cxd4 7. Nxd4 d6 8. h3
Qb6 9. Nxc6 bxc6 10. Be3 Qxb2 11. Bd4 Qb7 12. Rb1 Qc7 13. Re1 O-O 14. g4 Rb8 15.
e5 dxe5 16. Bxe5 Rxb1 17. Nxb1 Qb6 18. g5 Nh5 19. h4 Bxe5 20. Rxe5 1-0

[Event "AUTO-ADV-115"]
[Site "http://www.queenalice.com/game.php?id=43895"]
[Date "2005.12.16"]
[Round "1"]
[White "refutor"]
[Black "fmucillo"]
[Result "0-1"]
[WhiteElo "1192"]
[BlackElo "1508"]

1. d4 e6 2. c4 Bb4+ 3. Nc3 d5 4. f3 f5 5. a3 Bxc3+ 6. bxc3 dxc4 7. Qa4+ Qd7 8.
Qxc4 Qc6 9. e4 fxe4 10. Qxc6+ Nxc6 11. fxe4 Nge7 12. Nf3 Bd7 13. Bc4 Na5 14. Bd3
O-O-O 15. Bg5 Rhe8 16. O-O a6 17. Ne5 Bb5 18. Bxb5 axb5 19. Rf7 Nac6 0-1

[Event "AUTO-ADV-115"]
[Site "http://www.queenalice.com/game.php?id=43896"]
[Date "2005.12.16"]
[Round "1"]
[White "fmucillo"]
[Black "Kritikos"]
[Result "1-0"]
[WhiteElo "1509"]
[BlackElo "1650"]

1. e4 e5 2. Nf3 d6 3. Bc4 h6 4. d4 Bg4 5. dxe5 Nc6 6. h3 Bh5 7. g4 Bg6 8. Nc3
dxe5 9. Qxd8+ Rxd8 10. a3 Bc5 11. b4 Nd4 12. Nxd4 Bxd4 13. Bb2 Bxc3+ 14. Bxc3
Bxe4 15. Rh2 Bxc2 16. Bxe5 f6 17. Bxc7 Rc8 18. f3 Rxc7 19. Rxc2 Re7+ 20. Kf2 h5
21. Bb5+ Kf7 22. Rc8 hxg4 23. fxg4 Nh6 24. Rxh8 1-0

[Event "AUTO-ADV-115"]
[Site "http://www.queenalice.com/game.php?id=43897"]
[Date "2005.12.16"]
[Round "1"]
[White "Kritikos"]
[Black "fmucillo"]
[Result "0-1"]
[WhiteElo "1508"]
[BlackElo "1576"]

1. d4 d5 2. c4 dxc4 3. e4 b5 4. Nc3 c6 5. d5 b4 6. Na4 cxd5 7. exd5 Ba6 8. Nc5
Bb5 9. Nf3 e6 10. Be3 Bxc5 11. Bxc5 exd5 12. Bxb4 Nf6 13. Qe2+ Ne4 14. Nd4 Qd7
15. Qc2 Nc6 16. Nxc6 Qxc6 17. f3 Ng5 18. O-O-O a5 19. Re1+ Ne6 20. Bc3 O-O 21.
Rd1 Ba4 22. b3 cxb3 23. axb3 Bb5 24. Bxb5 Qxb5 25. g3 a4 26. bxa4 Rxa4 27. Kd2
d4 28. Rb1 Qc4 29. Ba1 Qxc2+ 30. Kxc2 Nc5 31. Rhe1 d3+ 32. Kd2 f5 33. Rec1 Ra5
34. h4 Re8 35. Bc3 Ra2+ 36. Bb2 Nb3+ 37. Kc3 Nxc1 38. Rxc1 Rd8 39. Ra1 Rxa1 40.
Bxa1 d2 0-1

[Event "AUTO-ADV-115"]
[Site "http://www.queenalice.com/game.php?id=82422"]
[Date "2006.7.4"]
[Round "2"]
[White "Chessdorf"]
[Black "fmucillo"]
[Result "1-0"]
[WhiteElo "1637"]
[BlackElo "1656"]

1. d4 d5 2. c4 dxc4 3. Nf3 f6 4. e4 b5 5. Nc3 c6 6. a4 Ba6 7. axb5 Bxb5 8. Nxb5
cxb5 9. Bd2 Nc6 10. d5 Ne5 11. Nxe5 fxe5 12. Qh5+ g6 13. Qxe5 Bg7 14. Qxg7 Qd6
15. Qxh8 O-O-O 16. Qxh7 g5 17. Qf5+ Kc7 18. Bxg5 Qb4+ 19. Bd2 Qxb2 20. Rxa7+ Kb6
21. Be3+ 1-0

[Event "AUTO-ADV-115"]
[Site "http://www.queenalice.com/game.php?id=82423"]
[Date "2006.7.4"]
[Round "2"]
[White "fmucillo"]
[Black "Chessdorf"]
[Result "0-1"]
[WhiteElo "1639"]
[BlackElo "1650"]

1. e4 e6 2. e5 d5 3. d4 c5 4. c4 cxd4 5. Qxd4 Nc6 6. Qc3 Bb4 7. Nf3 Bxc3+ 8.
bxc3 Nge7 9. Bd3 Bd7 10. cxd5 Nxd5 11. g3 O-O 12. Na3 Nxc3 13. Nb5 Nxb5 14. Bxb5
Qa5+ 15. Bd2 Qxb5 16. Rb1 Qxb1+ 17. Ke2 Qxh1 18. a4 a5 19. h4 Qa1 20. Bf4 Qxa4
21. h5 Qc4+ 22. Ke3 Nb4 0-1

[Event "AUTO-ADV-115"]
[Site "http://www.queenalice.com/game.php?id=82430"]
[Date "2006.7.4"]
[Round "2"]
[White "fmucillo"]
[Black "SGrillo"]
[Result "1-0"]
[WhiteElo "1628"]
[BlackElo "1594"]

1. e4 e5 2. d4 d6 3. d5 Nf6 4. Bg5 Be7 5. Bxf6 Bxf6 6. g4 O-O 7. h4 h6 8. g5
hxg5 9. hxg5 Bxg5 10. Qh5 f6 11. Bh3 Bxh3 12. Rxh3 Bh6 13. Ne2 Rf7 14. Ng3 Kf8
15. Nf5 Ke8 16. Nd2 Qd7 17. Nxh6 gxh6 18. Qxh6 Kd8 19. O-O-O c6 20. Rg3 Kc7 21.
Rg8 Rh7 22. Qxf6 Rf7 23. Qg6 a5 24. Nc4 cxd5 25. exd5 b6 26. Nxd6 Re7 27. Rc8+
1-0

[Event "AUTO-ADV-115"]
[Site "http://www.queenalice.com/game.php?id=82431"]
[Date "2006.7.4"]
[Round "2"]
[White "SGrillo"]
[Black "fmucillo"]
[Result "0-1"]
[WhiteElo "1579"]
[BlackElo "1643"]

1. e4 e5 2. Nf3 f6 3. Bc4 Ne7 4. O-O c6 5. h3 d5 6. exd5 cxd5 7. Bb5+ Bd7 8.
Bxd7+ Qxd7 9. Re1 Nf5 10. d4 Bd6 11. dxe5 fxe5 12. Nxe5 Bxe5 13. Rxe5+ Ne7 14.
Bg5 Nc6 15. Re3 O-O 16. Bxe7 Nxe7 17. Rd3 Qf5 18. f3 Rad8 19. c3 Ng6 20. Na3 Nf4
21. Rd2 Rf6 22. Nb5 Rg6 23. Kh2 Qh5 24. Kh1 Qg5 25. Qg1 Nxh3 26. gxh3 Qxd2 27.
Qh2 Qe3 28. Nd4 b5 29. Nxb5 Qxf3+ 0-1